000 01477nim a2200361 i 4500
001 197335
003 ES-MaACL
005 20250828062626.0
007 ss lsnjlcipnne
008 200525s1991 sp nnnn |||| 00| spa d
040 _bspa
_cES-MaACL
245 0 0 _aHomenaje a Don José Díaz Fernández
_h[Grabación sonora] /
_cparticipan Pepe Esteban, José Altabella e Isabelo Herreros
260 _aMadrid :
_bAteneo de Madrid,
_c1991
300 _a1 casete (ca. 90 min) :
_bson. ;
_c11 cm
490 1 _3Actos culturales en el Ateneo de Madrid
518 _aGrabado el 27 de febrero de 1991 en el Salón de Actos del Ateneo de Madrid.
520 _aHomenaje a José Díaz Fernández por el 50 aniversario de su muerte en el exilio.
540 _aDocumento inédito
594 _5Datos basados en la invitación.
600 0 4 _944277
_aDíaz Fernández, José
610 2 0 _aAteneo de Madrid-
_xActos culturales-
_y1991-
_vGrabaciones sonoras
_9240452
653 _aArchivo de la palabra
700 1 _948033
_aEsteban, José,
_eora
_d1935-
700 1 _aAltabella, José,
_d1921-1995
_eora
_920504
700 1 _963354
_aHerreros, Isabelo,
_d1953-
_eora
710 2 _91875
_aAteneo de Madrid
_ehis
710 2 _94361
_aFundación Manuel Azaña
_esht
830 0 _aActos culturales en el Ateneo de Madrid
_9240237
852 _aES-MaACL
_cDEPOZ
_9205638
942 _2udc
_n0
_cCINTASAUD
999 _c197335
_d197335